UM Logo

Introducing media practice : (Record no. 14581)

MARC details
000 -LEADER
fixed length control field 02098cam a2200337 i 4500
001 - CONTROL NUMBER
control field 19762430
005 - DATE AND TIME OF LATEST TRANSACTION
control field 20191014101432.0
008 - FIXED-LENGTH DATA ELEMENTS--GENERAL INFORMATION
fixed length control field 170628s2018 caua b 001 0 eng d
010 ## - LIBRARY OF CONGRESS CONTROL NUMBER
LC control number 2017947189
020 ## - INTERNATIONAL STANDARD BOOK NUMBER
International Standard Book Number 978-1-4739-0651-8 (pbk)
035 ## - SYSTEM CONTROL NUMBER
System control number (OCoLC)on1028017206
040 ## - CATALOGING SOURCE
Original cataloging agency TULIB
Language of cataloging eng
Description conventions rda
Transcribing agency TULIB
Modifying agency TULIB
-- BDX
-- OCLCQ
-- YDX
-- HALCL
-- OCLCO
-- OCLCF
-- AU@
-- DLC
042 ## - AUTHENTICATION CODE
Authentication code lccopycat
050 00 - LIBRARY OF CONGRESS CALL NUMBER
Classification number P90
Item number .K4577 2018
082 04 - DEWEY DECIMAL CLASSIFICATION NUMBER
Classification number DC 302.23
Edition number 2018
Item number K469
100 1# - MAIN ENTRY--PERSONAL NAME
Personal name Kerry, Matthew,
Dates associated with a name 1969-
Relator term author.
9 (RLIN) 40334
245 10 - TITLE STATEMENT
Title Introducing media practice :
Remainder of title the essential guide /
Statement of responsibility, etc. Matthew Kerry and Georgia Stone.
260 ## - PUBLICATION, DISTRIBUTION, ETC. (IMPRINT)
Place of publication, distribution, etc. London :
Name of publisher, distributor, etc. SAGE,
Date of publication, distribution, etc. 2018
300 ## - PHYSICAL DESCRIPTION
Extent xv, 204 pages :
Other physical details illustrations ;
Dimensions 24 cm
504 ## - BIBLIOGRAPHY, ETC. NOTE
Bibliography, etc Includes bibliographical references (pages 195-197) and index.
505 0# - FORMATTED CONTENTS NOTE
Formatted contents note 1. Media practice and employability : from project skills to real world skills -- 2. Media production teams : team skills and life skills -- 3. Media project briefs : from media student to media professional -- 4. Reaching your audience : media practice, production and consumption -- 5. Scripting your projects : ideas, forms and genres -- 6. Designing your projects : media practice and mise en scene -- 7. Constructing your projects : the technical elements of media practice -- 8. Organising media production : production roles and administration -- 9. Editing your projects : post-production, sound design and typography -- 10. Exhibition and distribution : online platforms, festivals and screenings -- 11. Evaluating your media projects : critical analysis and reflection on media project work -- 12. Employability and media practice : becoming career ready.
650 #0 - SUBJECT ADDED ENTRY--TOPICAL TERM
Topical term or geographic name as entry element Mass media.
9 (RLIN) 40335
650 #0 - SUBJECT ADDED ENTRY--TOPICAL TERM
Topical term or geographic name as entry element Communication.
9 (RLIN) 40336
650 #7 - SUBJECT ADDED ENTRY--TOPICAL TERM
Topical term or geographic name as entry element Communication.
Source of heading or term fast
9 (RLIN) 40336
650 #7 - SUBJECT ADDED ENTRY--TOPICAL TERM
Topical term or geographic name as entry element Mass media.
Source of heading or term fast
9 (RLIN) 40335
700 1# - ADDED ENTRY--PERSONAL NAME
Personal name Stone, Georgia,
Relator term author.
9 (RLIN) 40337
365 ## - TRADE PRICE
Price amount 2,858.00
Currency code Php
906 ## - LOCAL DATA ELEMENT F, LDF (RLIN)
a 7
b cbc
c copycat
d 2
e epcn
f 20
g y-gencatlg
942 ## - ADDED ENTRY ELEMENTS (KOHA)
Source of classification or shelving scheme Dewey Decimal Classification
Koha item type Circulation
Holdings
Withdrawn status Lost status Source of classification or shelving scheme Damaged status Not for loan Collection code Home library Current library Date acquired Source of acquisition Cost, normal purchase price Total Checkouts Full call number Barcode Date last seen Copy number Price effective from Koha item type
    Dewey Decimal Classification     Circulation UM Digos College - LIC UM Digos College - LIC 08/08/2019 Purchased 2858.00   DC 302.23 K469 2018 25677 05/15/2025 1 10/14/2019 Circulation